International Journal of Geographical Information Science (Record no. 119266)
[ view plain ]
| 000 -LEADER | |
|---|---|
| fixed length control field | 00949cas a22002055a 4500 |
| 001 - CONTROL NUMBER | |
| control field | L149469 |
| 008 - FIXED-LENGTH DATA ELEMENTS--GENERAL INFORMATION | |
| fixed length control field | 070613c1963 xxkwr p 0 a0eng |
| 022 1# - INTERNATIONAL STANDARD SERIAL NUMBER | |
| International Standard Serial Number | 1365-8816 |
| 035 ## - SYSTEM CONTROL NUMBER | |
| System control number | (Sirsi) u149469 |
| 041 0# - LANGUAGE CODE | |
| Language code of text/sound track or separate title | eng |
| 245 ## - TITLE STATEMENT | |
| Title | International Journal of Geographical Information Science |
| Medium | [electronic resource] |
| 260 ## - PUBLICATION, DISTRIBUTION, ETC. | |
| Place of publication, distribution, etc. | Abingdon |
| Name of publisher, distributor, etc. | Taylor & Francis |
| Date of publication, distribution, etc. | 1998- |
| 500 ## - GENERAL NOTE | |
| General note | Available via Ebsco with a 15 month embargo |
| 520 ## - SUMMARY, ETC. | |
| Summary, etc. | Strives to provide a forum for the exchange of original ideas, techniques, approaches, techniques, approaches & experiences in the rapidly growing field of geographical information science. |
| 651 #4 - SUBJECT ADDED ENTRY--GEOGRAPHIC NAME | |
| Geographic name | International |
| 690 ## - LOCAL SUBJECT ADDED ENTRY--TOPICAL TERM (OCLC, RLIN) | |
| Topical term or geographic name as entry element | ENVIRONMENTAL AND LAND CONSULTANCY-GEOMATICS-GEOGRAPHIC INFORMATION SCIENCE-SPATIAL DATA AND METADATA MANAGEMENT |
| 856 41 - ELECTRONIC LOCATION AND ACCESS | |
| Uniform Resource Identifier | <a href="https://www.rics.org/profession-standards/knowledge-and-information-services">https://www.rics.org/profession-standards/knowledge-and-information-services</a> |
| Public note | How to access eJournals |
| 942 ## - ADDED ENTRY ELEMENTS (KOHA) | |
| Suppress in OPAC | 0 |
| Source of classification or shelving scheme | Dewey Decimal Classification |
| 948 ## - LOCAL PROCESSING INFORMATION (OCLC); SERIES PART DESIGNATOR (RLIN) | |
| c (OCLC) | 08/03/2010 |
| Withdrawn status | Lost status | Source of classification or shelving scheme | Damaged status | Not for loan | Home library | Current library | Shelving location | Date acquired | Total Checkouts | Full call number | Barcode | Date last seen | Price effective from | Koha item type | Public note |
|---|---|---|---|---|---|---|---|---|---|---|---|---|---|---|---|
| Dewey Decimal Classification | Virtual | Virtual | Online | 08/03/2010 | ONLINE JOURNAL via EBSCO | 149469-2001 | 06/08/2019 | 06/08/2019 | Journal | Available online with a 15 month delay |